| 000 | 00818cab a2200241 4500 | ||
|---|---|---|---|
| 001 | WB3023-14 | ||
| 008 | 090401t1994 xxu||||| |||| 00| 0 eng d | ||
| 035 | _a(Sirsi) u71302 | ||
| 041 | _aeng | ||
| 245 | _aScheduled monument consent | ||
| 260 | _c1994 | ||
| 350 | _a0 | ||
| 490 |
_aDepartment of National Heritage Press Release _v(83/94) 14 June 1994 (2) |
||
| 520 | _aChanges have been announced to the types of work which can take place on England`s 14,000 scheduled ancient monuments without the formal consent of the SoS. | ||
| 650 | _aANCIENT MONUMENTS (CLASS CONSENTS) ORDER 1994 | ||
| 650 | _aANCIENT MONUMENTS | ||
| 650 | _aENGLISH HERITAGE | ||
| 650 | _aPLANNING CONSENTS | ||
| 650 | _aROYAL COMMISSION ON HISTORICAL MONUMENTS | ||
| 690 | _aCONSERVATION | ||
| 942 | _n0 | ||
| 948 | _c04/03/1997 | ||
| 999 |
_c44932 _d44932 |
||